Stochastic differential equations
Сохранить в:
| Главные авторы: | , |
|---|---|
| Формат: | |
| Язык: | английский |
| Опубликовано: |
Berlín
Springer-Verlag
1972
|
| Серии: | Ergebnisse der Mathematik und ihrer Grenzgebiete, 72
|
| Предметы: | |
| Метки: |
Добавить метку
Нет меток, Требуется 1-ая метка записи!
|
MARC
| LEADER | 00000nam a2200000 a 4500 | ||
|---|---|---|---|
| 001 | UCW0684 | ||
| 003 | CL-VaPUC | ||
| 008 | 881003e19720000GW |||||||||||||||||eng|d | ||
| 082 | 0 | 4 | |a 519.2 |b GIH |2 21 |
| 100 | |a Gihman, I. I |e author |9 424826 | ||
| 700 | 0 | |a Skorohod, A. V |e author |9 304589 | |
| 245 | 1 | 0 | |a Stochastic differential equations |
| 300 | |a 354 p | ||
| 942 | |c BK | ||
| 945 | |d 19881003 00:00:00 | ||
| 260 | |a Berlín |b Springer-Verlag |c 1972 | ||
| 650 | 7 | |a ECUACIONES DIFERENCIALES ESTOCASTICAS |2 CL-VaPUC |9 269935 | |
| 583 | |a last modification |c 19881003 00:00:00 |k Rodrigo Vera | ||
| 490 | 0 | |a Ergebnisse der Mathematik und ihrer Grenzgebiete, 72 | |
| 999 | |c 215754 |d 215752 | ||
| 952 | |0 0 |1 0 |4 0 |6 519_200000000000000_GIH_1972 |7 0 |8 A |9 200590 |a BIBGIM |b BIBGIM |d 2019-11-14 |i 2678284 |o 519.2 GIH 1972 |p 2678284 |r 2025-01-15 |w 2019-11-14 |y BK |k EST | ||